[Event "20 ans"]
[Site "?"]
[Date "2016.10.22"]
[Round "1.2"]
[White "Sonis, Francesco"]
[Black "Moiseenko, Alexander"]
[Result "0-1"]
[BlackElo "2648"]
[WhiteElo "2395"]
[LiveChessVersion "1.4.6"]

1. Nf3 {[%clk 1:30:48]} Nf6 {[%clk 1:30:37]} 2. c4 {[%clk 1:31:01]} e6
{[%clk 1:30:44]} 3. g3 {[%clk 1:30:43]} d5 {[%clk 1:31:03]} 4. b3
{[%clk 1:30:23]} d4 {[%clk 1:30:27]} 5. e3 {[%clk 1:28:31]} c5 {[%clk 1:30:37]}
6. exd4 {[%clk 1:27:56]} cxd4 {[%clk 1:29:58]} 7. Bg2 {[%clk 1:28:00]} Nc6
{[%clk 1:30:21]} 8. O-O {[%clk 1:27:46]} Bd6 {[%clk 1:29:24]} 9. d3
{[%clk 1:25:41]} O-O {[%clk 1:28:55]} 10. Nbd2 {[%clk 1:23:41]} h6
{[%clk 1:24:43]} 11. a3 {[%clk 1:20:36]} a5 {[%clk 1:22:49]} 12. Re1
{[%clk 1:17:10]} Re8 {[%clk 1:20:19]} 13. Qc2 {[%clk 1:13:41]} e5
{[%clk 1:15:33]} 14. Bb2 {[%clk 1:10:28]} Bf5 {[%clk 1:13:14]} 15. Nh4
{[%clk 1:05:26]} Bh7 {[%clk 1:12:52]} 16. Bh3 {[%clk 0:58:29]} Bf8
{[%clk 1:08:27]} 17. f3 {[%clk 0:57:14]} a4 {[%clk 1:00:48]} 18. Ne4
{[%clk 0:54:16]} axb3 {[%clk 0:58:42]} 19. Qxb3 {[%clk 0:54:05]} Ra7
{[%clk 0:53:06]} 20. Re2 {[%clk 0:47:00]} Nd7 {[%clk 0:49:09]} 21. Rae1
{[%clk 0:42:01]} Nc5 {[%clk 0:47:05]} 22. Nxc5 {[%clk 0:37:10]} Bxc5
{[%clk 0:47:28]} 23. Kg2 {[%clk 0:32:44]} b6 {[%clk 0:39:30]} 24. Bf5
{[%clk 0:27:08]} Qf6 {[%clk 0:31:22]} 25. Bxh7+ {[%clk 0:22:44]} Kxh7
{[%clk 0:31:46]} 26. f4 {[%clk 0:21:17]} Rae7 {[%clk 0:31:15]} 27. f5
{[%clk 0:21:32]} Na5 {[%clk 0:27:23]} 28. Qc2 {[%clk 0:18:28]} Nb7
{[%clk 0:27:29]} 29. Kh3 {[%clk 0:18:24]} Nd6 {[%clk 0:17:51]} 30. g4
{[%clk 0:18:47]} g5 {[%clk 0:11:41]} 31. fxg6+ {[%clk 0:16:13]} fxg6
{[%clk 0:12:09]} 32. Bc1 {[%clk 0:16:03]} e4 {[%clk 0:10:34]} 33. dxe4
{[%clk 0:14:59]} Rxe4 {[%clk 0:07:53]} 34. Rxe4 {[%clk 0:13:19]} Nxe4
{[%clk 0:08:18]} 35. Rxe4 {[%clk 0:13:23]} Qf1+ {[%clk 0:08:40]} 36. Kg3
{[%clk 0:13:41]} d3 {[%clk 0:07:41]} 37. Qa4 {[%clk 0:12:26]} Bf2+
{[%clk 0:07:36]} 0-1

[Event "20 ans"]
[Site "?"]
[Date "2016.10.22"]
[Round "1.3"]
[White "Gharamian, Tigran"]
[Black "Abhishek, Kelkar"]
[Result "1-0"]
[BlackElo "2387"]
[WhiteElo "2626"]
[LiveChessVersion "1.4.6"]

1. e4 {[%clk 1:30:56]} c5 {[%clk 1:30:22]} 2. Nf3 {[%clk 1:31:19]} g6
{[%clk 1:30:37]} 3. d4 {[%clk 1:31:33]} cxd4 {[%clk 1:30:58]} 4. Qxd4
{[%clk 1:31:41]} Nf6 {[%clk 1:30:53]} 5. Nc3 {[%clk 1:31:57]} Nc6
{[%clk 1:24:48]} 6. Qa4 {[%clk 1:31:38]} d6 {[%clk 1:11:20]} 7. e5
{[%clk 1:30:49]} dxe5 {[%clk 0:59:49]} 8. Nxe5 {[%clk 1:30:47]} Bd7
{[%clk 0:32:26]} 9. Nxd7 {[%clk 1:30:45]} Qxd7 {[%clk 0:32:31]} 10. Be3
{[%clk 1:25:37]} Bg7 {[%clk 0:32:50]} 11. Be2 {[%clk 1:23:04]} O-O
{[%clk 0:31:40]} 12. O-O {[%clk 1:22:43]} Rfc8 {[%clk 0:28:15]} 13. Rad1
{[%clk 1:15:56]} Qc7 {[%clk 0:24:55]} 14. Nb5 {[%clk 0:56:24]} Qe5
{[%clk 0:16:35]} 15. Nc3 {[%clk 0:47:45]} a6 {[%clk 0:11:18]} 16. Bb6
{[%clk 0:44:59]} Qf5 {[%clk 0:06:13]} 17. Qb3 {[%clk 0:36:23]} e6
{[%clk 0:01:43]} 18. h3 {[%clk 0:33:11]} Qf4 {[%clk 0:01:16]} 19. a3
{[%clk 0:27:22]} Bf8 {[%clk 0:00:51]} 20. Rfe1 {[%clk 0:25:19]} Qb8
{[%clk 0:00:38]} 21. Bf3 {[%clk 0:21:38]} Ne5 {[%clk 0:00:34]} 22. Ne4
{[%clk 0:13:26]} Nxf3+ {[%clk 0:00:45]} 23. Qxf3 {[%clk 0:13:52]} Nxe4
{[%clk 0:00:39]} 24. Rxe4 {[%clk 0:13:45]} Rc6 {[%clk 0:00:32]} 25. Bd4
{[%clk 0:09:17]} f5 {[%clk 0:00:50]} 26. Re2 {[%clk 0:08:47]} Qe8
{[%clk 0:01:10]} 27. Bc3 {[%clk 0:06:17]} Rd8 {[%clk 0:01:13]} 28. Rxd8
{[%clk 0:04:46]} Qxd8 {[%clk 0:01:41]} 29. Rd2 {[%clk 0:04:46]} Qe8
{[%clk 0:01:51]} 30. Qd1 {[%clk 0:03:21]} Rc8 {[%clk 0:01:50]} 31. Rd7
{[%clk 0:03:30]} Rc5 {[%clk 0:01:24]} 32. Rd8 {[%clk 0:02:05]} Rd5
{[%clk 0:01:27]} 33. Qxd5 1-0

[Event "20 ans"]
[Site "?"]
[Date "2016.10.22"]
[Round "1.4"]
[White "Glek, Igor"]
[Black "Andriasian, Zaven"]
[Result "0-1"]
[BlackElo "2622"]
[WhiteElo "2377"]
[LiveChessVersion "1.4.6"]

1. e4 {[%clk 1:30:50]} c5 {[%clk 1:30:51]} 2. Nf3 {[%clk 1:30:56]} d6
{[%clk 1:31:09]} 3. Bb5+ {[%clk 1:29:49]} Nc6 {[%clk 1:31:26]} 4. c3
{[%clk 1:24:01]} Nf6 {[%clk 1:29:54]} 5. Qe2 {[%clk 1:23:28]} a6 {[%clk 1:25:55]}
6. Bxc6+ {[%clk 1:22:52]} bxc6 {[%clk 1:26:22]} 7. d4 {[%clk 1:17:11]} cxd4
{[%clk 1:26:14]} 8. cxd4 {[%clk 1:09:32]} g6 {[%clk 1:26:08]} 9. O-O
{[%clk 1:08:37]} Bg7 {[%clk 1:26:14]} 10. Nc3 {[%clk 1:08:40]} O-O
{[%clk 1:24:51]} 11. h3 {[%clk 1:05:45]} a5 {[%clk 1:22:25]} 12. Rd1
{[%clk 1:03:36]} Ba6 {[%clk 1:21:09]} 13. Qc2 {[%clk 1:03:57]} Nd7
{[%clk 1:19:11]} 14. e5 {[%clk 0:59:45]} Nb6 {[%clk 1:12:14]} 15. b3
{[%clk 0:55:25]} Nd5 {[%clk 1:05:58]} 16. Nxd5 {[%clk 0:49:06]} cxd5
{[%clk 1:06:25]} 17. Ba3 {[%clk 0:49:12]} Bb5 {[%clk 1:01:40]} 18. Qd2
{[%clk 0:48:31]} a4 {[%clk 1:00:27]} 19. Re1 {[%clk 0:48:37]} Ra6
{[%clk 0:58:13]} 20. Bb4 {[%clk 0:48:10]} Qd7 {[%clk 0:52:23]} 21. bxa4
{[%clk 0:37:49]} Bxa4 {[%clk 0:52:40]} 22. Rac1 {[%clk 0:33:32]} Bb5
{[%clk 0:50:13]} 23. exd6 {[%clk 0:27:30]} exd6 {[%clk 0:50:26]} 24. Qg5
{[%clk 0:27:40]} Bc4 {[%clk 0:40:45]} 25. Re7 {[%clk 0:25:59]} Qd8
{[%clk 0:39:49]} 26. Rce1 {[%clk 0:21:08]} h6 {[%clk 0:27:53]} 27. Qg3
{[%clk 0:09:56]} Bxa2 {[%clk 0:24:18]} 28. Bd2 {[%clk 0:03:07]} Bb1
{[%clk 0:21:08]} 29. Qh4 {[%clk 0:00:39]} Be4 {[%clk 0:18:54]} 30. R7xe4
{[%clk 0:00:33]} dxe4 {[%clk 0:19:06]} 31. Qxe4 {[%clk 0:01:01]} Qa8
{[%clk 0:18:10]} 32. Qh4 {[%clk 0:01:14]} Ra1 {[%clk 0:14:41]} 33. Rxa1
{[%clk 0:01:42]} Qxa1+ {[%clk 0:14:58]} 34. Kh2 {[%clk 0:02:11]} h5
{[%clk 0:13:48]} 35. Bb4 {[%clk 0:01:58]} Qa6 {[%clk 0:12:43]} 36. Qe7
{[%clk 0:01:23]} Rb8 {[%clk 0:10:02]} 37. Qxd6 {[%clk 0:01:22]} Qxd6+
{[%clk 0:10:06]} 38. Bxd6 {[%clk 0:01:50]} Rb2 {[%clk 0:10:15]} 39. Kg3
{[%clk 0:02:02]} f6 {[%clk 0:10:26]} 40. h4 {[%clk 0:02:12]} Kf7 {[%clk 0:10:40]}
41. Bf4 {[%clk 0:02:14]} Ke6 {[%clk 0:10:53]} 42. Be3 {[%clk 0:02:42]} Bf8
{[%clk 0:10:22]} 43. Ne1 {[%clk 0:02:19]} Rb3 {[%clk 0:10:05]} 44. Kf3
{[%clk 0:02:37]} Bb4 {[%clk 0:08:21]} 45. Nc2 {[%clk 0:03:05]} Ba5
{[%clk 0:08:25]} 46. Ke2 {[%clk 0:02:36]} Kd5 {[%clk 0:08:30]} 47. Bh6
{[%clk 0:01:47]} Kc4 {[%clk 0:06:27]} 48. Ne3+ {[%clk 0:01:57]} Kxd4
{[%clk 0:06:42]} 49. Bg7 {[%clk 0:02:23]} Bd8 {[%clk 0:06:30]} 50. g4
{[%clk 0:02:24]} Ke4 {[%clk 0:06:25]} 51. f3+ {[%clk 0:00:52]} Kd4
{[%clk 0:04:14]} 52. Ng2 {[%clk 0:00:40]} Rb2+ {[%clk 0:01:45]} 53. Kf1
{[%clk 0:01:09]} Ke5 {[%clk 0:01:42]} 54. gxh5 {[%clk 0:00:56]} gxh5
{[%clk 0:02:08]} 55. Ne1 {[%clk 0:00:57]} Kf5 {[%clk 0:02:22]} 56. Nd3 Rh2
{[%clk 0:02:15]} 57. Bh6 {[%clk 0:00:36]} Bb6 {[%clk 0:02:09]} 58. Bf4
{[%clk 0:00:33]} Rxh4 {[%clk 0:02:26]} 59. Bg3 {[%clk 0:00:55]} Ra4
{[%clk 0:02:46]} 60. Kg2 {[%clk 0:01:15]} Ra2+ {[%clk 0:02:53]} 61. Kh3
{[%clk 0:01:25]} Ra3 {[%clk 0:02:47]} 62. Ne1 {[%clk 0:01:23]} Ra1
{[%clk 0:02:04]} 63. Nd3 {[%clk 0:01:22]} Bd4 {[%clk 0:01:58]} 64. Kg2
{[%clk 0:01:21]} Ra2+ {[%clk 0:01:57]} 65. Kh3 {[%clk 0:01:42]} Ra3
{[%clk 0:01:46]} 66. Ne1 {[%clk 0:02:10]} Be5 {[%clk 0:01:32]} 67. Bh4
{[%clk 0:02:12]} Bf4 {[%clk 0:01:35]} 68. Kg2 {[%clk 0:02:20]} Ra2+
{[%clk 0:01:54]} 69. Kf1 {[%clk 0:02:34]} Bg5 {[%clk 0:02:12]} 0-1

[Event "20 ans"]
[Site "?"]
[Date "2016.10.22"]
[Round "1.5"]
[White "Onischuk, Vladimir"]
[Black "Patuzzo, Fabrizio"]
[Result "1-0"]
[BlackElo "2363"]
[WhiteElo "2602"]
[LiveChessVersion "1.4.6"]

1. e4 {[%clk 1:30:46]} c6 {[%clk 1:30:53]} 2. d4 {[%clk 1:30:54]} d5
{[%clk 1:30:55]} 3. e5 {[%clk 1:31:13]} Bf5 {[%clk 1:29:45]} 4. h4
{[%clk 1:31:01]} c5 {[%clk 1:25:49]} 5. dxc5 {[%clk 1:29:06]} Nc6
{[%clk 1:26:00]} 6. Bb5 {[%clk 1:26:12]} Qc7 {[%clk 1:24:51]} 7. Nc3
{[%clk 1:17:52]} e6 {[%clk 1:21:17]} 8. g4 {[%clk 1:11:07]} d4 {[%clk 1:15:41]}
9. Qxd4 {[%clk 1:05:55]} Bxc2 {[%clk 1:05:57]} 10. Qd2 {[%clk 0:43:41]} Qxe5+
{[%clk 0:35:10]} 11. Nge2 {[%clk 0:27:18]} Bg6 {[%clk 0:34:58]} 12. h5
{[%clk 0:25:59]} Rd8 {[%clk 0:34:38]} 13. Qg5 {[%clk 0:25:30]} Qxg5
{[%clk 0:23:17]} 14. Bxg5 {[%clk 0:25:55]} Bd3 {[%clk 0:18:39]} 15. Bxc6+
{[%clk 0:25:12]} bxc6 {[%clk 0:19:00]} 16. Bxd8 {[%clk 0:25:37]} Bxe2
{[%clk 0:18:59]} 17. Kxe2 Kxd8 {[%clk 0:19:27]} 18. Ne4 {[%clk 0:25:31]} Kc7
{[%clk 0:18:34]} 19. Rh3 {[%clk 0:23:36]} f5 {[%clk 0:16:35]} 20. Ng5
{[%clk 0:22:31]} fxg4 {[%clk 0:15:09]} 21. Nxe6+ {[%clk 0:22:22]} Kc8
{[%clk 0:15:22]} 22. Ra3 {[%clk 0:22:23]} Be7 {[%clk 0:13:20]} 23. Rxa7
{[%clk 0:22:13]} Kb8 {[%clk 0:13:09]} 24. Rd7 {[%clk 0:22:14]} Bf6
{[%clk 0:13:23]} 25. Rad1 {[%clk 0:21:18]} Nh6 {[%clk 0:13:35]} 26. R1d6
{[%clk 0:20:03]} Rc8 {[%clk 0:13:26]} 27. Nd8 {[%clk 0:19:10]} Bxd8
{[%clk 0:10:27]} 28. Rxd8 {[%clk 0:19:36]} Rxd8 {[%clk 0:10:06]} 29. Rxd8+
{[%clk 0:20:04]} Kc7 {[%clk 0:10:34]} 30. Rf8 {[%clk 0:20:16]} Kd7
{[%clk 0:10:27]} 31. a4 {[%clk 0:20:26]} Ke7 {[%clk 0:10:47]} 32. Rf4
{[%clk 0:20:35]} g5 {[%clk 0:10:21]} 33. hxg6 {[%clk 0:20:53]} hxg6
{[%clk 0:10:50]} 34. a5 {[%clk 0:21:16]} Kd7 {[%clk 0:11:12]} 35. a6
{[%clk 0:21:38]} 1-0

[Event "20 ans"]
[Site "?"]
[Date "2016.10.22"]
[Round "1.6"]
[White "Vuilleumier, Alexandre"]
[Black "Vocaturo, Daniele"]
[Result "0-1"]
[BlackElo "2600"]
[WhiteElo "2349"]
[LiveChessVersion "1.4.6"]

1. d4 {[%clk 1:30:57]} e6 {[%clk 1:30:20]} 2. Nf3 {[%clk 1:31:19]} c5
{[%clk 1:29:07]} 3. c3 {[%clk 1:30:40]} Nc6 {[%clk 1:28:01]} 4. Bf4
{[%clk 1:24:58]} Qb6 {[%clk 1:17:23]} 5. Qb3 {[%clk 1:22:27]} Nf6
{[%clk 1:16:12]} 6. e3 {[%clk 1:21:03]} d5 {[%clk 1:15:58]} 7. Na3
{[%clk 1:15:25]} c4 {[%clk 1:09:55]} 8. Qxb6 {[%clk 1:14:10]} axb6
{[%clk 1:10:21]} 9. Nb5 {[%clk 1:13:29]} Ra5 {[%clk 1:06:44]} 10. a4
{[%clk 1:09:13]} Ne4 {[%clk 1:02:22]} 11. Nd2 {[%clk 1:05:45]} Nxd2
{[%clk 0:59:30]} 12. Kxd2 {[%clk 1:06:02]} Na7 {[%clk 0:53:43]} 13. b4
{[%clk 0:48:37]} cxb3 {[%clk 0:51:12]} 14. Nxa7 {[%clk 0:46:55]} Rxa7
{[%clk 0:50:39]} 15. Bb5+ {[%clk 0:43:55]} Bd7 {[%clk 0:50:34]} 16. Rhb1
{[%clk 0:42:37]} Bxb5 {[%clk 0:35:55]} 17. axb5 {[%clk 0:42:45]} Ra5
{[%clk 0:33:44]} 18. Bc7 {[%clk 0:35:25]} Kd7 {[%clk 0:30:26]} 19. Rxa5
{[%clk 0:34:50]} bxa5 {[%clk 0:30:52]} 20. Bxa5 {[%clk 0:34:59]} Bd6
{[%clk 0:31:00]} 21. Bb4 {[%clk 0:25:10]} Bxh2 {[%clk 0:22:14]} 22. g3
{[%clk 0:17:25]} Ra8 {[%clk 0:22:30]} 23. Ke2 {[%clk 0:17:11]} Ra2+
{[%clk 0:22:42]} 24. Kf1 {[%clk 0:14:16]} b2 {[%clk 0:22:38]} 25. Kg2
{[%clk 0:09:10]} Bg1 {[%clk 0:22:58]} 26. Bf8 {[%clk 0:05:29]} g5
{[%clk 0:21:07]} 27. Bg7 {[%clk 0:03:51]} Ke7 {[%clk 0:17:33]} 28. Be5
{[%clk 0:02:17]} f6 {[%clk 0:17:09]} 29. Bc7 {[%clk 0:02:43]} h5 {[%clk 0:16:16]}
30. Bb6 {[%clk 0:02:27]} h4 {[%clk 0:15:19]} 31. gxh4 {[%clk 0:02:41]} gxh4
{[%clk 0:15:44]} 32. e4 {[%clk 0:00:59]} h3+ {[%clk 0:13:57]} 33. Kxh3
{[%clk 0:00:40]} Bxf2 {[%clk 0:14:22]} 34. exd5 {[%clk 0:01:02]} exd5
{[%clk 0:14:32]} 0-1

[Event "20 ans"]
[Site "?"]
[Date "2016.10.22"]
[Round "1.7"]
[White "Gledura, Benjamin"]
[Black "Dragojlovic, Andjelko"]
[Result "1-0"]
[BlackElo "2331"]
[WhiteElo "2585"]
[LiveChessVersion "1.4.6"]

1. Nf3 {[%clk 1:30:56]} Nf6 {[%clk 1:30:27]} 2. g3 {[%clk 1:31:18]} g6
{[%clk 1:30:34]} 3. b3 {[%clk 1:31:41]} d5 {[%clk 1:30:03]} 4. Bb2
{[%clk 1:31:20]} Bg7 {[%clk 1:30:20]} 5. c4 {[%clk 1:30:37]} dxc4
{[%clk 1:29:11]} 6. bxc4 {[%clk 1:30:51]} c5 {[%clk 1:29:31]} 7. Bg2
{[%clk 1:28:44]} O-O {[%clk 1:29:38]} 8. O-O {[%clk 1:28:53]} Nc6
{[%clk 1:27:40]} 9. d3 {[%clk 1:27:47]} Bd7 {[%clk 1:25:56]} 10. Nbd2
{[%clk 1:21:39]} Qc7 {[%clk 1:24:05]} 11. Qc1 {[%clk 1:18:12]} Rad8
{[%clk 1:22:00]} 12. Bc3 {[%clk 1:10:21]} b6 {[%clk 1:21:04]} 13. Qb2
{[%clk 1:09:50]} Ne8 {[%clk 1:19:24]} 14. Ne4 {[%clk 1:00:05]} e5
{[%clk 1:17:37]} 15. a4 {[%clk 0:58:22]} Bf5 {[%clk 1:14:41]} 16. Nh4
{[%clk 0:56:24]} a5 {[%clk 1:03:39]} 17. Nxf5 {[%clk 0:54:00]} gxf5
{[%clk 1:04:02]} 18. Nd2 {[%clk 0:51:47]} Nb4 {[%clk 1:04:18]} 19. Rad1
{[%clk 0:45:17]} Qe7 {[%clk 1:02:33]} 20. Rfe1 {[%clk 0:41:03]} f6
{[%clk 0:58:09]} 21. Nf1 {[%clk 0:37:52]} Bh6 {[%clk 0:56:23]} 22. Qb1
{[%clk 0:35:55]} f4 {[%clk 0:53:59]} 23. gxf4 {[%clk 0:34:27]} Bxf4
{[%clk 0:53:33]} 24. e3 {[%clk 0:34:20]} Bh6 {[%clk 0:53:45]} 25. d4
{[%clk 0:33:41]} Nd6 {[%clk 0:50:57]} 26. Ng3 {[%clk 0:33:32]} Bg7
{[%clk 0:49:00]} 27. dxc5 {[%clk 0:31:25]} bxc5 {[%clk 0:49:19]} 28. Nf5
{[%clk 0:29:57]} Nxf5 {[%clk 0:49:38]} 29. Qxf5 {[%clk 0:30:22]} Rxd1
{[%clk 0:49:55]} 30. Rxd1 {[%clk 0:30:47]} Rd8 {[%clk 0:50:16]} 31. Rxd8+
{[%clk 0:30:34]} Qxd8 {[%clk 0:50:38]} 32. Be4 {[%clk 0:30:29]} Kf8
{[%clk 0:40:42]} 33. Kg2 {[%clk 0:29:43]} 1-0

[Event "20 ans"]
[Site "?"]
[Date "2016.10.22"]
[Round "1.8"]
[White "Massoni, Michael"]
[Black "Donchenko, Alexander"]
[Result "0-1"]
[BlackElo "2581"]
[WhiteElo "2325"]
[LiveChessVersion "1.4.6"]

1. e4 {[%clk 1:30:55]} c5 {[%clk 1:30:55]} 2. Nf3 {[%clk 1:31:14]} d6
{[%clk 1:31:18]} 3. d4 {[%clk 1:31:33]} cxd4 {[%clk 1:31:43]} 4. Nxd4
{[%clk 1:31:54]} Nf6 {[%clk 1:32:09]} 5. Nc3 {[%clk 1:32:07]} a6 {[%clk 1:32:32]}
6. Be2 {[%clk 1:32:07]} e6 {[%clk 1:32:55]} 7. O-O {[%clk 1:32:13]} Be7
{[%clk 1:33:19]} 8. Be3 {[%clk 1:32:03]} O-O {[%clk 1:32:43]} 9. f4
{[%clk 1:31:55]} Qc7 {[%clk 1:32:59]} 10. a4 {[%clk 1:29:45]} Nc6
{[%clk 1:33:01]} 11. Kh1 {[%clk 1:29:05]} Re8 {[%clk 1:33:03]} 12. a5
{[%clk 1:28:44]} Nxa5 {[%clk 1:32:01]} 13. e5 {[%clk 1:28:13]} dxe5
{[%clk 1:31:40]} 14. fxe5 {[%clk 1:28:33]} Qxe5 {[%clk 1:31:44]} 15. Bf4
{[%clk 1:28:22]} Qc5 {[%clk 1:31:53]} 16. Na4 {[%clk 1:28:14]} Qa7
{[%clk 1:32:00]} 17. Be3 {[%clk 1:28:17]} b6 {[%clk 1:17:42]} 18. b4
{[%clk 1:27:25]} Nd5 {[%clk 1:14:34]} 19. Bg1 {[%clk 1:18:44]} Bxb4
{[%clk 1:08:22]} 20. Bd3 {[%clk 1:08:59]} Qc7 {[%clk 1:02:43]} 21. c4
{[%clk 1:00:05]} Nf4 {[%clk 0:53:09]} 22. Qf3 {[%clk 0:55:13]} Nxd3
{[%clk 0:52:43]} 23. Qxa8 {[%clk 0:48:59]} Nxc4 {[%clk 0:51:25]} 24. Qc6
{[%clk 0:44:39]} Qxc6 {[%clk 0:45:38]} 25. Nxc6 {[%clk 0:45:02]} b5
{[%clk 0:44:57]} 26. Rfd1 {[%clk 0:43:40]} Bb7 {[%clk 0:37:20]} 27. Nxb4
{[%clk 0:41:22]} Nxb4 {[%clk 0:35:16]} 28. Nc5 {[%clk 0:41:42]} Bd5
{[%clk 0:33:12]} 29. Nxa6 {[%clk 0:39:09]} Nxa6 {[%clk 0:33:27]} 30. Rxa6
{[%clk 0:39:32]} b4 {[%clk 0:32:45]} 31. Bd4 {[%clk 0:36:48]} h5 {[%clk 0:31:39]}
32. Kg1 {[%clk 0:36:24]} b3 {[%clk 0:31:51]} 33. Ra4 {[%clk 0:34:01]} Rb8
{[%clk 0:31:56]} 34. Rb1 {[%clk 0:33:33]} f6 {[%clk 0:28:03]} 35. Bc3
{[%clk 0:32:28]} b2 {[%clk 0:26:44]} 0-1

[Event "20 ans"]
[Site "?"]
[Date "2016.10.22"]
[Round "2.1"]
[White "Delorme, Axel"]
[Black "Korobov, Anton"]
[Result "0-1"]
[BlackElo "2687"]
[WhiteElo "2513"]
[LiveChessVersion "1.4.6"]

1. Nf3 {[%clk 1:30:56]} d5 {[%clk 1:30:52]} 2. d4 {[%clk 1:29:20]} Nf6
{[%clk 1:31:15]} 3. c4 {[%clk 1:29:48]} c6 {[%clk 1:31:38]} 4. g3
{[%clk 1:29:07]} Bg4 {[%clk 1:31:43]} 5. Ne5 {[%clk 1:26:31]} Bf5
{[%clk 1:29:09]} 6. Nc3 {[%clk 1:21:13]} e6 {[%clk 1:28:53]} 7. Qb3
{[%clk 1:19:10]} Qb6 {[%clk 1:26:02]} 8. c5 {[%clk 1:14:22]} Qc7 {[%clk 1:25:29]}
9. Bf4 {[%clk 1:14:34]} Qc8 {[%clk 1:25:13]} 10. Bg2 {[%clk 1:07:47]} Nbd7
{[%clk 1:20:54]} 11. Nxd7 {[%clk 1:06:50]} Qxd7 {[%clk 1:20:59]} 12. O-O
{[%clk 1:05:50]} Be7 {[%clk 1:21:24]} 13. Qa4 {[%clk 0:50:56]} O-O
{[%clk 1:17:49]} 14. b4 {[%clk 0:48:03]} Ne4 {[%clk 1:16:15]} 15. Qb3
{[%clk 0:46:09]} Nxc3 {[%clk 1:08:08]} 16. Qxc3 {[%clk 0:46:32]} b6
{[%clk 1:08:33]} 17. Qd2 {[%clk 0:35:14]} a5 {[%clk 1:02:01]} 18. a3
{[%clk 0:35:40]} Ra6 {[%clk 1:01:31]} 19. Rfc1 {[%clk 0:31:26]} Rfa8
{[%clk 0:48:48]} 20. Qb2 {[%clk 0:24:33]} axb4 {[%clk 0:44:12]} 21. axb4
{[%clk 0:24:59]} b5 {[%clk 0:39:17]} 22. Bd2 {[%clk 0:23:30]} Ra4
{[%clk 0:38:20]} 23. Bc3 {[%clk 0:23:24]} h5 {[%clk 0:37:57]} 24. Bf1
{[%clk 0:21:53]} h4 {[%clk 0:33:55]} 25. Rxa4 {[%clk 0:22:10]} Rxa4
{[%clk 0:33:18]} 26. Ra1 {[%clk 0:22:33]} Qa7 {[%clk 0:29:13]} 27. e3
{[%clk 0:19:55]} Bg4 {[%clk 0:23:47]} 28. f4 {[%clk 0:18:32]} hxg3
{[%clk 0:21:22]} 29. hxg3 {[%clk 0:18:58]} g5 {[%clk 0:20:47]} 30. Bd3
{[%clk 0:19:07]} Kg7 {[%clk 0:20:49]} 31. Bc2 {[%clk 0:19:18]} Rxa1+
{[%clk 0:21:13]} 32. Qxa1 {[%clk 0:19:45]} Qb8 {[%clk 0:21:24]} 33. Qf1
{[%clk 0:15:01]} Qa8 {[%clk 0:18:31]} 34. Bd3 {[%clk 0:13:58]} f5
{[%clk 0:17:03]} 35. Qa1 {[%clk 0:10:16]} Qh8 {[%clk 0:16:30]} 36. Bf1
{[%clk 0:10:29]} Bf3 {[%clk 0:13:13]} 37. Bg2 {[%clk 0:10:51]} Be4
{[%clk 0:13:37]} 38. Qd1 {[%clk 0:06:53]} Kg6 {[%clk 0:13:11]} 39. Be1
{[%clk 0:04:38]} Bf6 {[%clk 0:12:16]} 40. Bxe4 {[%clk 0:03:53]} dxe4
{[%clk 0:12:17]} 41. Kg2 {[%clk 0:04:14]} Qa8 {[%clk 0:12:35]} 42. Qd2
{[%clk 0:03:53]} Qa3 {[%clk 0:12:07]} 43. Bf2 {[%clk 0:03:30]} Qd3
{[%clk 0:09:39]} 44. Qe1 {[%clk 0:01:10]} Qc2 {[%clk 0:09:38]} 45. Kg1
{[%clk 0:00:55]} gxf4 {[%clk 0:09:06]} 46. gxf4 {[%clk 0:01:06]} Kh5
{[%clk 0:09:01]} 47. Qf1 {[%clk 0:00:53]} Bh4 {[%clk 0:08:43]} 48. Be1
{[%clk 0:00:38]} Bxe1 {[%clk 0:07:16]} 0-1

[Event "20 ans"]
[Site "?"]
[Date "2016.10.22"]
[Round "2.2"]
[White "Moiseenko, Alexander"]
[Black "Leenhouts, Koen"]
[Result "1-0"]
[BlackElo "2499"]
[WhiteElo "2648"]
[LiveChessVersion "1.4.6"]

1. d4 {[%clk 1:30:57]} Nf6 {[%clk 1:30:52]} 2. Bg5 {[%clk 1:31:21]} Ne4
{[%clk 1:30:42]} 3. Bf4 {[%clk 1:31:45]} c5 {[%clk 1:31:03]} 4. f3
{[%clk 1:32:03]} Qa5+ {[%clk 1:31:25]} 5. c3 {[%clk 1:32:14]} Nf6
{[%clk 1:31:46]} 6. d5 {[%clk 1:32:34]} Qb6 {[%clk 1:26:54]} 7. e4
{[%clk 1:32:06]} Qxb2 {[%clk 1:21:51]} 8. Nd2 {[%clk 1:32:25]} Qxc3
{[%clk 1:19:29]} 9. Bc7 {[%clk 1:31:49]} d6 {[%clk 1:09:14]} 10. Bb5+
{[%clk 1:10:45]} Bd7 {[%clk 1:04:44]} 11. a4 {[%clk 0:59:16]} g6 {[%clk 0:53:21]}
12. Ne2 {[%clk 0:59:07]} Qe3 {[%clk 0:52:21]} 13. Nc4 {[%clk 0:58:53]} Qg5
{[%clk 0:51:46]} 14. O-O {[%clk 0:56:29]} Bg7 {[%clk 0:50:51]} 15. Ba5
{[%clk 0:38:10]} Nh5 {[%clk 0:42:54]} 16. Bd2 {[%clk 0:34:40]} Qh4
{[%clk 0:40:05]} 17. Rb1 {[%clk 0:30:48]} O-O {[%clk 0:36:08]} 18. Qc1
{[%clk 0:29:44]} h6 {[%clk 0:33:09]} 19. Be1 {[%clk 0:20:44]} Qg5
{[%clk 0:29:52]} 20. f4 {[%clk 0:09:21]} Qg4 {[%clk 0:29:28]} 21. Ne3
{[%clk 0:09:31]} Bxb5 {[%clk 0:29:48]} 22. Nxg4 {[%clk 0:09:56]} Bxe2
{[%clk 0:30:11]} 23. Bc3 {[%clk 0:10:04]} Bxf1 {[%clk 0:23:18]} 24. Bxg7
{[%clk 0:10:11]} Nxg7 {[%clk 0:21:27]} 25. Kxf1 {[%clk 0:08:37]} h5
{[%clk 0:21:44]} 26. Nh6+ {[%clk 0:05:36]} Kh7 {[%clk 0:22:06]} 27. f5
{[%clk 0:06:02]} b6 {[%clk 0:19:33]} 28. Qg5 {[%clk 0:06:02]} Nd7
{[%clk 0:19:54]} 29. Qxe7 {[%clk 0:04:48]} Ne5 {[%clk 0:20:04]} 30. f6
{[%clk 0:03:58]} Kxh6 {[%clk 0:20:15]} 31. Qxd6 {[%clk 0:03:00]} Rfe8
{[%clk 0:19:42]} 32. fxg7 {[%clk 0:03:06]} Kxg7 {[%clk 0:19:59]} 33. Qc7
{[%clk 0:03:28]} Nc4 {[%clk 0:19:20]} 34. Re1 {[%clk 0:02:30]} Nd2+
{[%clk 0:18:46]} 35. Kg1 {[%clk 0:02:32]} Nxe4 {[%clk 0:18:52]} 36. h3
{[%clk 0:01:59]} h4 {[%clk 0:13:51]} 37. Rf1 {[%clk 0:01:48]} Nf6
{[%clk 0:10:46]} 38. Qf4 {[%clk 0:02:08]} Nh5 {[%clk 0:11:06]} 39. Qxf7+
{[%clk 0:02:34]} Kh6 {[%clk 0:11:30]} 40. d6 {[%clk 0:02:05]} Rad8
{[%clk 0:11:24]} 41. d7 {[%clk 0:02:09]} Re2 {[%clk 0:11:43]} 42. Rd1
{[%clk 0:02:29]} Re4 {[%clk 0:08:57]} 43. Rd6 {[%clk 0:02:35]} Nf4
{[%clk 0:08:43]} 44. Qf6 {[%clk 0:02:49]} 1-0